<?xml version="1.0" encoding="UTF-8"?>
<record
    xmlns:xsi="http://www.w3.org/2001/XMLSchema-instance"
    xsi:schemaLocation="http://www.loc.gov/MARC21/slim http://www.loc.gov/standards/marcxml/schema/MARC21slim.xsd"
    xmlns="http://www.loc.gov/MARC21/slim">

  <leader>02081nam a22002057a 4500</leader>
  <controlfield tag="008">251120b        |||||||| |||| 00| 0 eng d</controlfield>
  <datafield tag="020" ind1=" " ind2=" ">
    <subfield code="a">9781804543887</subfield>
  </datafield>
  <datafield tag="040" ind1=" " ind2=" ">
    <subfield code="c">tbs</subfield>
  </datafield>
  <datafield tag="041" ind1=" " ind2=" ">
    <subfield code="a">eng</subfield>
    <subfield code="h">dut</subfield>
  </datafield>
  <datafield tag="050" ind1=" " ind2=" ">
    <subfield code="a">PT5838.H45 </subfield>
    <subfield code="b">W613 1989</subfield>
  </datafield>
  <datafield tag="100" ind1=" " ind2=" ">
    <subfield code="a">Haasse, Hella S.</subfield>
    <subfield code="d">1918-2011</subfield>
    <subfield code="9">26553</subfield>
    <subfield code="e">author</subfield>
  </datafield>
  <datafield tag="240" ind1=" " ind2=" ">
    <subfield code="a">Het woud der verwachting.</subfield>
    <subfield code="l">English.</subfield>
  </datafield>
  <datafield tag="245" ind1=" " ind2=" ">
    <subfield code="a">In a dark wood wandering </subfield>
    <subfield code="c">/ Hella S. Haasse ; introduction by Bart Van Loo.</subfield>
  </datafield>
  <datafield tag="260" ind1=" " ind2=" ">
    <subfield code="a">Dublin :</subfield>
    <subfield code="b">Head of Zeus</subfield>
    <subfield code="c">2025.</subfield>
  </datafield>
  <datafield tag="300" ind1=" " ind2=" ">
    <subfield code="a">xii, 581 pages :</subfield>
    <subfield code="b">illustrations, genealogical tables, maps ;</subfield>
    <subfield code="c">20 cm.</subfield>
  </datafield>
  <datafield tag="520" ind1=" " ind2=" ">
    <subfield code="a">During the late Middle Ages, conflict raged between France and England as they battled in pursuit of power, the throne and beyond. It became known as the Hundred Years' War.

Hella S. Haasse's epic masterpiece brings this period to vivid life, as the novel's infamous characters move across a panoramic tapestry woven together by criss-crossed bloodlines and intense rivalries. There is the mad King Charles VI and his heartless Bavarian wife Isabeau; the King's dashing brother Louis, Duke of Orl&#xE9;ans and his sensitive Italian Duchess, Valentine. Their son, Charles, inherits a ferocious feud with the powerful and scheming Duke of Burgundy. Meanwhile, their bastard son becomes the right arm of Joan of Arc.

Charles of Orl&#xE9;ans is the central character of this astonishing novel, a man caught up in deadly dynastic rivalries who survives because he is captured by the English at the Battle of Agincourt and made their prisoner for the next 25 years. In that time he perfects his craft as a writer and becomes one of the great French poets of the era.

In a narrative that spans decades, we also bear witness to the reign of three English Kings: Richard II, Henry IV, and Henry V, the brilliant leader of the English army, who changes the face of war at Agincourt.

First published in the Netherlands in 1949 and never out of print, In a Dark Wood Wandering is a timeless classic.</subfield>
  </datafield>
  <datafield tag="600" ind1=" " ind2="0">
    <subfield code="a">Charles, d'Orl&#xE9;ans</subfield>
    <subfield code="d">1394-1465</subfield>
    <subfield code="9">26554</subfield>
  </datafield>
  <datafield tag="650" ind1=" " ind2="0">
    <subfield code="a">Middle Ages</subfield>
    <subfield code="v">Fiction</subfield>
    <subfield code="9">26555</subfield>
  </datafield>
  <datafield tag="942" ind1=" " ind2=" ">
    <subfield code="2">lcc</subfield>
  </datafield>
  <datafield tag="952" ind1=" " ind2=" ">
    <subfield code="0">0</subfield>
    <subfield code="1">0</subfield>
    <subfield code="2">lcc</subfield>
    <subfield code="4">0</subfield>
    <subfield code="7">0</subfield>
    <subfield code="a">TBS</subfield>
    <subfield code="b">TBS</subfield>
    <subfield code="d">2025-11-20</subfield>
    <subfield code="l">0</subfield>
    <subfield code="o">P-EN HAA</subfield>
    <subfield code="p">B05621</subfield>
    <subfield code="r">2025-11-20</subfield>
    <subfield code="t">1</subfield>
    <subfield code="w">2025-11-20</subfield>
    <subfield code="y">1</subfield>
  </datafield>
  <datafield tag="999" ind1=" " ind2=" ">
    <subfield code="c">5192</subfield>
    <subfield code="d">5192</subfield>
  </datafield>
</record>
